<?xml version="1.0" encoding="UTF-8"?>
<collection xmlns="http://www.loc.gov/MARC21/slim">
<record>
  <controlfield tag="001">132488</controlfield>
  <controlfield tag="005">20240311111225.0</controlfield>
  <datafield tag="024" ind1="7" ind2=" ">
    <subfield code="2">doi</subfield>
    <subfield code="a">10.6018/analesbio.40.15</subfield>
  </datafield>
  <datafield tag="024" ind1="8" ind2=" ">
    <subfield code="2">sideral</subfield>
    <subfield code="a">137589</subfield>
  </datafield>
  <datafield tag="037" ind1=" " ind2=" ">
    <subfield code="a">ART-2018-137589</subfield>
  </datafield>
  <datafield tag="041" ind1=" " ind2=" ">
    <subfield code="a">eng</subfield>
  </datafield>
  <datafield tag="100" ind1=" " ind2=" ">
    <subfield code="a">Garza Hernández, Javier Alfonso</subfield>
  </datafield>
  <datafield tag="245" ind1=" " ind2=" ">
    <subfield code="a">Mating behaviour of Simulium erythrocephalum (De Geer, 1776) (Diptera: Simuliidae) in Zaragoza (Spain)</subfield>
  </datafield>
  <datafield tag="260" ind1=" " ind2=" ">
    <subfield code="c">2018</subfield>
  </datafield>
  <datafield tag="520" ind1="3" ind2=" ">
    <subfield code="a">Simulium erythrocephalum (De Geer, 1776) es una especie altamente antropofílica responsable de brotes de mosca negra en España. Así, se realizaron observaciones sobre el comportamiento de apareamiento de S. erythrocephalum en condiciones naturales en España, incluyendo la formación de enjambres, el reconocimiento, abordaje y la finalización de la cópula y el comportamiento post cópula. Los resultados obtenidos demostraron que la actividad de cópula tiene lugar durante la tarde. Observamos como el ser humano representa un marcador de orientación atractivo para los enjambres de machos, cuya formación está relacionada con el período de actividad de búsqueda de hospedador por parte de las hembras. Este estudio representa el primer estudio sobre el comportamiento de cópula de simúlidos en España, ampliando el conocimiento general sobre este comportamiento en las moscas negras.

Simulium erythrocephalum (De Geer, 1776) is a highly anthropophilic species that is responsible for blackfly outbreaks in Spain.
Thus, field observations of the mating behaviour, including swarm formation, recognition and chasing, copulation, termination of copulation and post-copulation behaviour of S. erythrocephalum were conducted in a natural habitat in Spain. The obtained results demonstrated that mating activity occurs during the evening hours.
We observed the human host represents an attractive orientation marker of male swarms, whose formation is related to the hostseeking activity period of females. This study represents the first report about the mating behaviour of Simuliidae species in Spain, increasing the general knowledge about this behaviour of blackflies.</subfield>
  </datafield>
  <datafield tag="506" ind1="0" ind2=" ">
    <subfield code="a">Access copy available to the general public</subfield>
    <subfield code="f">Unrestricted</subfield>
  </datafield>
  <datafield tag="540" ind1=" " ind2=" ">
    <subfield code="9">info:eu-repo/semantics/openAccess</subfield>
    <subfield code="a">by-nc-nd</subfield>
    <subfield code="u">http://creativecommons.org/licenses/by-nc-nd/3.0/es/</subfield>
  </datafield>
  <datafield tag="655" ind1=" " ind2="4">
    <subfield code="a">info:eu-repo/semantics/article</subfield>
    <subfield code="v">info:eu-repo/semantics/publishedVersion</subfield>
  </datafield>
  <datafield tag="700" ind1=" " ind2=" ">
    <subfield code="a">De la Mora Covarrubias, A.</subfield>
  </datafield>
  <datafield tag="700" ind1=" " ind2=" ">
    <subfield code="a">Ruiz Arrondo, Ignacio</subfield>
    <subfield code="0">(orcid)0000-0001-8198-8118</subfield>
  </datafield>
  <datafield tag="773" ind1=" " ind2=" ">
    <subfield code="g">40 (2018), 129-133</subfield>
    <subfield code="p">An. biol.</subfield>
    <subfield code="t">Anales de biología</subfield>
    <subfield code="x">1138-3399</subfield>
  </datafield>
  <datafield tag="856" ind1="4" ind2=" ">
    <subfield code="s">2358566</subfield>
    <subfield code="u">http://zaguan.unizar.es/record/132488/files/texto_completo.pdf</subfield>
    <subfield code="y">Versión publicada</subfield>
  </datafield>
  <datafield tag="856" ind1="4" ind2=" ">
    <subfield code="s">1864761</subfield>
    <subfield code="u">http://zaguan.unizar.es/record/132488/files/texto_completo.jpg?subformat=icon</subfield>
    <subfield code="x">icon</subfield>
    <subfield code="y">Versión publicada</subfield>
  </datafield>
  <datafield tag="909" ind1="C" ind2="O">
    <subfield code="o">oai:zaguan.unizar.es:132488</subfield>
    <subfield code="p">articulos</subfield>
    <subfield code="p">driver</subfield>
  </datafield>
  <datafield tag="951" ind1=" " ind2=" ">
    <subfield code="a">2024-03-11-09:52:20</subfield>
  </datafield>
  <datafield tag="980" ind1=" " ind2=" ">
    <subfield code="a">ARTICLE</subfield>
  </datafield>
</record>
</collection>